| 000 | 00456nam a2200145 i 4500 | ||
|---|---|---|---|
| 001 | 21814 | ||
| 003 | ES-MaACL | ||
| 007 | t| | ||
| 008 | 021127s1918 sp ||||1| spa d | ||
| 100 | 1 |
_aAlmarche Vázquez, P. _920100 |
|
| 245 | 1 | 3 |
_aLa antigua civilización ibérica en el Reino de Valencia / _cpor P. Almarche Vázquez. |
| 260 |
_aValencia : _b[s.n., _c1918] ( _fTipografía Moderna) |
||
| 300 |
_a162 p. ; _c25 cm. |
||
| 852 |
_aES-MaACL _jB-1613 _bR.19690 |
||
| 999 |
_c21814 _d21814 |
||